000 00325nam a22001457a 4500
003 OSt
005 20211227160951.0
008 211227b |||||||| |||| 00| 0 eng d
020 _a0340811544
040 _cHU
082 _a004
100 _aBride Mac
_925576
245 _aTeach Yourself Windowes Xp
942 _2ddc
_cBOOKS
_n0
999 _c24466
_d24466